000 00605nam a2200229Ia 4500
999 _c4812
_d4812
020 _a1-57607-963-5
082 _a304.28 YOU-E
100 _aYoung, Christian C.
245 0 _aEnvironment and science: social impact and interaction
260 _aCalifornia
_bABC-CLIO
_c2005
300 _axv, 299
440 _aScience and society
504 _aincludes index
650 _aEnvironmental Sciences
650 _aEcology
650 _aScience
_vSocial aspects
650 _aNatural history
650 _aNature and Nurture
650 _aHuman Ecology
700 _aLargent, Mark A.
942 _cBK